| 000 | 00948cam a2200277 a 4500 | ||
|---|---|---|---|
| 999 |
_c79639 _d316916 |
||
| 001 | 226974931 | ||
| 003 | OSt | ||
| 005 | 20220214140549.0 | ||
| 008 | 080312s2017 caua 001 0 eng | ||
| 010 | _a2008924835 | ||
| 015 |
_aGBA861281 _2bnb |
||
| 020 | _a9781305970632 | ||
| 035 |
_a(OCoLC)226974931 _z(OCoLC)214780857 _z(OCoLC)226358054 |
||
| 040 |
_aDLC _cDLC _dUKM _dBTCTA _dYDXCP _dOCLCG _dBAKER |
||
| 082 | 0 | 0 |
_a515.35 _222 _bZDD |
| 100 | 1 |
_aZill, Dennis G., _d1940- _938055 |
|
| 245 | 1 | 0 |
_aDifferential equations with boundary-value problems / _cDennis G. Zill, Warren S. Wright. |
| 250 |
_a8th ed. _bMichael R. Cullen |
||
| 260 |
_aBelmont, CA : _bBrooks/Cole, Cengage Learning, _cc2017 |
||
| 300 |
_axv, 549 p. : _bcol. ill. ; _c29 cm |
||
| 500 | _aIncludes index | ||
| 650 | 0 |
_aDifferential equations _vTextbooks _956955 |
|
| 650 | 0 |
_aBoundary value problems _vTextbooks _940078 |
|
| 700 |
_aWright, Warren S _950786 |
||
| 942 |
_2ddc _cBOOK |
||